Indian women in leadership (Record no. 394619)

MARC details
000 -LEADER
fixed length control field 00632 a2200229 4500
005 - DATE & TIME
control field 20260121103433.0
008 - FIXED-LENGTH DATA ELEMENTS--GENERAL INFORMATION
fixed length control field 260120b |||||||| |||| 00| 0 eng d
020 ## - ISBN
International Standard Book Number 9783031528873
Price Rs. 1995.00
040 ## - CATALOGING SOURCE
Original cataloging agency VIVEKANANDA LIBRARY
082 ## - DDC NUMBER
Classification number 305.420954
Book Number G346I
100 ## - MAIN ENTRY--PERSONAL NAME
Personal name Ghosh, Rajashi, ed.
245 ## - TITLE STATEMENT
Title Indian women in leadership
260 ## - PUBLICATION, DISTRIBUTION, ETC. (IMPRINT)
Name of publisher, distributor, etc Palgrave Macmillan
Date of publication, distribution, etc 2024
Place of publication, distribution, etc Switzerland
300 ## - PHYSICAL DESCRIPTION
Pages xxv
440 ## - Series Statement
Series Title Current perspectives on Asian women in leadership
650 ## - Subject
Subject Sociology
650 ## - Subject
Subject Social Groups
650 ## - Subject
Subject Women-India
700 ## - Added Entry Personal Name
Added Entry Personal Name Mclean, Gary N, eed.
700 ## - Added Entry Personal Name
Relationship Cho, Yonjoo, S, ed.
942 ## - ADDED ENTRY ELEMENTS (KOHA)
Koha item type Books
Holdings
Withdrawn status Lost status Source of classification or shelving scheme Damaged status Not for loan Location (home branch) Sublocation or collection (holding branch) Shelving location Date acquired Koha issues (times borrowed) Koha full call number Accession No. Koha date last seen Koha item type
    Dewey Decimal Classification     VIVEKANANDA LIBRARY VIVEKANANDA LIBRARY Vivekananda Library 16/12/2025 1 305.420954 G346I 443702 09/03/2026 Books
© Designed and Maintained by Vivekananda Library, MDU Rohtak